<?xml version="1.0" encoding="UTF-8"?>
<record
    xmlns:xsi="http://www.w3.org/2001/XMLSchema-instance"
    xsi:schemaLocation="http://www.loc.gov/MARC21/slim http://www.loc.gov/standards/marcxml/schema/MARC21slim.xsd"
    xmlns="http://www.loc.gov/MARC21/slim">

  <leader>00714nam a2200217Ia 4500</leader>
  <controlfield tag="005">20230103150401.0</controlfield>
  <controlfield tag="008">210716s2017    xx            000 0 und d</controlfield>
  <datafield tag="020" ind1=" " ind2=" ">
    <subfield code="a">9789351508212</subfield>
  </datafield>
  <datafield tag="040" ind1=" " ind2=" ">
    <subfield code="c">AIMIT LIBRARY</subfield>
  </datafield>
  <datafield tag="041" ind1=" " ind2=" ">
    <subfield code="a">eng</subfield>
  </datafield>
  <datafield tag="082" ind1=" " ind2=" ">
    <subfield code="a">658.15 </subfield>
    <subfield code="2">1</subfield>
    <subfield code="b">KOTR</subfield>
  </datafield>
  <datafield tag="100" ind1=" " ind2=" ">
    <subfield code="a">Kothari, Rajesh.</subfield>
    <subfield code="9">68240</subfield>
  </datafield>
  <datafield tag="245" ind1=" " ind2=" ">
    <subfield code="a">Financial management : </subfield>
    <subfield code="b">contemporary approach /</subfield>
    <subfield code="c">By Rajesh Kothari.</subfield>
  </datafield>
  <datafield tag="250" ind1=" " ind2=" ">
    <subfield code="a">1st ed.</subfield>
  </datafield>
  <datafield tag="260" ind1=" " ind2=" ">
    <subfield code="a">New Delhi :</subfield>
    <subfield code="b">Sage Publications ,</subfield>
    <subfield code="c">2017.</subfield>
  </datafield>
  <datafield tag="300" ind1=" " ind2=" ">
    <subfield code="a">xix,709,I-11P. ;</subfield>
    <subfield code="b">PB</subfield>
    <subfield code="c">23.5 cm</subfield>
  </datafield>
  <datafield tag="650" ind1=" " ind2=" ">
    <subfield code="a">Foundation of financial management</subfield>
    <subfield code="9">68241</subfield>
  </datafield>
  <datafield tag="650" ind1=" " ind2=" ">
    <subfield code="a">Long- term financing</subfield>
    <subfield code="9">68242</subfield>
  </datafield>
  <datafield tag="650" ind1=" " ind2=" ">
    <subfield code="a">Contemporary issues in financial management</subfield>
    <subfield code="9">68243</subfield>
  </datafield>
  <datafield tag="942" ind1=" " ind2=" ">
    <subfield code="2">ddc</subfield>
    <subfield code="c">BK</subfield>
    <subfield code="e">1st</subfield>
    <subfield code="k">658.15 KOTR</subfield>
  </datafield>
  <datafield tag="999" ind1=" " ind2=" ">
    <subfield code="c">210642</subfield>
    <subfield code="d">210642</subfield>
  </datafield>
  <datafield tag="952" ind1=" " ind2=" ">
    <subfield code="0">0</subfield>
    <subfield code="1">0</subfield>
    <subfield code="2">ddc</subfield>
    <subfield code="4">0</subfield>
    <subfield code="7">0</subfield>
    <subfield code="8">MBA</subfield>
    <subfield code="a">AIMIT</subfield>
    <subfield code="b">AIMIT</subfield>
    <subfield code="d">2018-03-15</subfield>
    <subfield code="g">595.00</subfield>
    <subfield code="i">Bill no:4572; Bill dt:2018-03-14</subfield>
    <subfield code="l">0</subfield>
    <subfield code="o">658.15 KOTR</subfield>
    <subfield code="p">MBA13210</subfield>
    <subfield code="r">2026-05-23 00:00:00</subfield>
    <subfield code="v">446.25</subfield>
    <subfield code="w">2021-07-16</subfield>
    <subfield code="y">BK</subfield>
  </datafield>
  <datafield tag="952" ind1=" " ind2=" ">
    <subfield code="0">0</subfield>
    <subfield code="1">0</subfield>
    <subfield code="2">ddc</subfield>
    <subfield code="4">0</subfield>
    <subfield code="7">0</subfield>
    <subfield code="8">MBA</subfield>
    <subfield code="a">AIMIT</subfield>
    <subfield code="b">AIMIT</subfield>
    <subfield code="d">2019-10-09</subfield>
    <subfield code="g">650.00</subfield>
    <subfield code="i">Bill no:RTPL/AIMIT/225; Bill dt:</subfield>
    <subfield code="l">0</subfield>
    <subfield code="o">658.15 KOTR</subfield>
    <subfield code="p">MBA13781</subfield>
    <subfield code="r">2026-05-23 00:00:00</subfield>
    <subfield code="v">520.00</subfield>
    <subfield code="w">2021-07-16</subfield>
    <subfield code="y">BK</subfield>
  </datafield>
  <datafield tag="952" ind1=" " ind2=" ">
    <subfield code="0">0</subfield>
    <subfield code="1">0</subfield>
    <subfield code="2">ddc</subfield>
    <subfield code="4">0</subfield>
    <subfield code="7">0</subfield>
    <subfield code="8">MBA</subfield>
    <subfield code="a">AIMIT</subfield>
    <subfield code="b">AIMIT</subfield>
    <subfield code="d">2019-10-09</subfield>
    <subfield code="g">650.00</subfield>
    <subfield code="i">Bill no:RTPL/AIMIT/225; Bill dt:</subfield>
    <subfield code="l">0</subfield>
    <subfield code="o">658.15 KOTR</subfield>
    <subfield code="p">MBA13782</subfield>
    <subfield code="r">2026-05-23 00:00:00</subfield>
    <subfield code="v">520.00</subfield>
    <subfield code="w">2021-07-16</subfield>
    <subfield code="y">BK</subfield>
  </datafield>
  <datafield tag="952" ind1=" " ind2=" ">
    <subfield code="0">0</subfield>
    <subfield code="1">0</subfield>
    <subfield code="2">ddc</subfield>
    <subfield code="4">0</subfield>
    <subfield code="7">0</subfield>
    <subfield code="8">MBA</subfield>
    <subfield code="a">AIMIT</subfield>
    <subfield code="b">AIMIT</subfield>
    <subfield code="d">2019-10-09</subfield>
    <subfield code="g">650.00</subfield>
    <subfield code="i">Bill no:RTPL/AIMIT/225; Bill dt:</subfield>
    <subfield code="l">0</subfield>
    <subfield code="o">658.15 KOTR</subfield>
    <subfield code="p">MBA13783</subfield>
    <subfield code="r">2026-05-23 00:00:00</subfield>
    <subfield code="v">520.00</subfield>
    <subfield code="w">2021-07-16</subfield>
    <subfield code="y">BK</subfield>
  </datafield>
  <datafield tag="952" ind1=" " ind2=" ">
    <subfield code="0">0</subfield>
    <subfield code="1">0</subfield>
    <subfield code="2">ddc</subfield>
    <subfield code="4">0</subfield>
    <subfield code="7">0</subfield>
    <subfield code="8">MBA</subfield>
    <subfield code="a">AIMIT</subfield>
    <subfield code="b">AIMIT</subfield>
    <subfield code="d">2019-10-09</subfield>
    <subfield code="g">650.00</subfield>
    <subfield code="i">Bill no:RTPL/AIMIT/225; Bill dt:</subfield>
    <subfield code="l">0</subfield>
    <subfield code="o">658.15 KOTR</subfield>
    <subfield code="p">MBA13784</subfield>
    <subfield code="r">2026-05-23 00:00:00</subfield>
    <subfield code="v">520.00</subfield>
    <subfield code="w">2021-07-16</subfield>
    <subfield code="y">BK</subfield>
  </datafield>
  <datafield tag="952" ind1=" " ind2=" ">
    <subfield code="0">0</subfield>
    <subfield code="1">0</subfield>
    <subfield code="2">ddc</subfield>
    <subfield code="4">0</subfield>
    <subfield code="7">3</subfield>
    <subfield code="8">MBA</subfield>
    <subfield code="a">AIMIT</subfield>
    <subfield code="b">AIMIT</subfield>
    <subfield code="d">2019-10-09</subfield>
    <subfield code="g">650.00</subfield>
    <subfield code="i">Bill no:RTPL/AIMIT/225; Bill dt:</subfield>
    <subfield code="l">0</subfield>
    <subfield code="o">658.15 KOTR</subfield>
    <subfield code="p">MBA13785</subfield>
    <subfield code="r">2025-07-21 00:00:00</subfield>
    <subfield code="v">520.00</subfield>
    <subfield code="w">2021-07-16</subfield>
    <subfield code="y">BK</subfield>
  </datafield>
</record>
